000 00834cam a22002651 4500
001 30233
003 BD-RjUL
005 20211209051531.0
008 140409r19671921ilu 001 0 eng d
035 _a(BD-RjUL)30318
035 _a(OCoLC)4242157
040 _aDLC
_cOAkU
_dDLC
_dBD-RjUL
_beng
041 _aeng
082 0 4 _a153.209
_bWAH 1967
100 1 _aWarren, Howard C.
_q(Howard Crosby),
_d1867-1934.
_991903
245 0 2 _aA history of the association psychology /
_cby Howard C. Warren.
260 _aNew York ;
_aChicago :
_bC. Scribner's sons,
_cc1921 [Reprinted 1967]
300 _aix, 328 p. :
_bill. ;
_c21 cm.
504 _aBibliography: p. 309-319. and Index
650 0 _aPsychology
_xHistory.
_95500
650 0 _aAssociation of ideas.
_987093
942 _2ddc
_cBK
999 _c30233
_d30233